000
00298nam a22001217a 4500
008
230606b xxu||||| |||| 00| 0 eng d
082
_a
346.06
_b
EAC
100
_c
EAST AFRICAN COMMUNITY
245
_a
Customs Post Clearance Audit Manual
260
_b
EAC
_c
2013
300
_a
95 pages
942
_2
ddc
_c
BK
999
_c
530
_d
530